2023 Calendrier de l'Avent 25 Bonus : Prénoms en N comme Noël - Statistiques

Statistiques générales
  • Ce quiz a été pris 53 fois
  • Le résultat moyen est 12 sur 24
Statistiques - réponses
Nom Prénom % Correct
Bedos Nicolas
92%
Cannon Nick
88%
Armstrong Neil
82%
Péchalat Nathalie
78%
Aliagas Nikos
78%
Kidman Nicole
76%
Gallagher Noël
74%
St Pier Natasha
64%
Portman Natalie
60%
Leroy Nolwenn
58%
Lenoir Noémie
56%
Tarayre Norbert
54%
Campbell Naomi
50%
Amal Natacha
48%
Dobrev Nina
48%
Benattia Nabilla
40%
Arelstrup Niels
38%
Arnezeder Nora
32%
Lacroix Nadège
20%
Hilton Nicky
20%
Réno Noëlle
20%
Jones Norah
16%
Fam Nagui
6%
Sanchez Nia
6%
Aucun quiz correspondant
Distribution des résultats
% des personnes avec chaque résultat
Percentile par nombre de réponses
Votre historique - résultats
Vous n’avez pas pris ce quiz